Recursos financieros y reales para el desarrollo
Saved in:
| Hovedforfatter: | |
|---|---|
| Format: | Bog |
| Sprog: | spansk |
| Udgivet: |
Ciudad de México
CEMLA
1965
|
| Udgivelse: | 2a. ed |
| Serier: | Estudios
|
| Fag: | |
| Tags: |
Tilføj Tag
Ingen Tags, Vær først til at tagge denne postø!
|
MARC
| LEADER | 00000nam a2200000 a 4500 | ||
|---|---|---|---|
| 001 | UCT8728 | ||
| 003 | CL-VaPUC | ||
| 008 | 970326e19650000MX |||||||||||||||||spa|d | ||
| 082 | 0 | 4 | |a 339.52 |b ADL |2 21 |
| 100 | 0 | |a Adler, John H |e author |9 380695 | |
| 245 | 1 | 0 | |a Recursos financieros y reales para el desarrollo |
| 250 | |a 2a. ed | ||
| 300 | |a 190 p | ||
| 942 | |c BK | ||
| 945 | |d 19970326 00:00:00 |a paguirre | ||
| 260 | |a Ciudad de México |b CEMLA |c 1965 | ||
| 650 | 0 | |a Desarrollo económico y social |9 256320 | |
| 650 | 0 | |a Crecimiento económico |9 314037 | |
| 650 | 0 | |a Política fiscal |9 317354 | |
| 650 | 0 | |a Política económica |9 255029 | |
| 650 | 7 | |a INGRESO |2 CL-VaPUC |9 334287 | |
| 650 | 7 | |a INGRESO NACIONAL |2 CL-VaPUC |9 334289 | |
| 650 | 7 | |a GASTOS |2 CL-VaPUC |9 357995 | |
| 650 | 0 | |a Administración financiera |9 261146 | |
| 650 | 0 | |a Oferta y demanda |9 255571 | |
| 583 | |a last modification |c 19970326 00:00:00 |k Rodrigo Vera | ||
| 490 | 0 | |a Estudios | |
| 999 | |c 257214 |d 257212 | ||
| 952 | |0 0 |1 0 |4 0 |6 339_520000000000000_ADL_1965 |7 0 |8 P |9 280495 |a BIBDER |b BIBDER |d 2019-11-19 |i 1815873 |o 339.52 ADL 1965 |p 1815873 |r 2023-01-25 |w 2019-11-19 |y BK |k DER | ||